000 00543nam a2200181Ia 4500
008 160114s9999 xx 000 0 und d
020 _a0-316139874
050 _aFic
050 _b.C556k 1972
100 _aChristopher, Matt.
245 4 _aThe kid who only hit Homers /
_cby Matt Christopher ; llustrated by Harvey Kidder.
260 _aBoston :
_bLittle Brown.
_c1972
300 _a127 pages;
_billustrations :
_c20 cm.
650 _aBaseball --
650 _aBaseball stories --
650 _xFiction.
650 _xJuvenile fiction.
999 _c290359
_d290359